Les plus gros partenaires commerciaux - Taïwan - Statistiques

Statistiques générales
  • Ce quiz a été pris 110 fois
  • Le résultat moyen est 20 sur 24
Statistiques - réponses
exportations importations pays % Correct
109 bil 44,1 bil Chine
100%
19,2 bil 38,6 bil Japon
99%
34,2 bil 26,6 bil Etats-Unis
98%
2,66 bil France
97%
12,5 bil 13,0 bil Corée du Sud
95%
2,52 bil Russie
95%
3,04 bil 5,96 bil Indonésie
94%
2,93 bil Inde
93%
3,77 bil Royaume-Uni
92%
2,34 bil Canada
91%
5,92 bil 8,60 bil Allemagne
90%
3,20 bil 5,71 bil Australie
89%
5,65 bil 3,93 bil Thaïlande
89%
9,46 bil Viêt Nam
88%
1,69 bil Italie
86%
7,12 bil 6,53 bil Malaisie
84%
17,2 bil 7,11 bil Singapour
83%
7,43 bil Philippines
79%
2,21 bil Mexique
77%
4,11 bil 2,86 bil Pays-Bas
71%
1,69 bil 7,31 bil Arabie Saoudite
69%
1,51 bil Turquie
64%
3,89 bil Qatar
51%
3,96 bil Koweït
37%
Aucun quiz correspondant
Distribution des résultats
% des personnes avec chaque résultat
Percentile par nombre de réponses
Votre historique - résultats
Vous n’avez pas pris ce quiz